[Event "Salon de Provence op 14th"]
[Site "Salon de Provence"]
[Date "2024.07.06"]
[Round "1"]
[White "Busson, Benoist"]
[Black "Gusain, Himal"]
[Result "0-1"]
[WhiteElo "1885"]
[BlackElo "2490"]
[PlyCount "98"]
[EventDate "2024.07.06"]
[EventType "swiss"]
[EventRounds "9"]
[EventCountry "FRA"]
[SourceTitle "EXT 2025"]
[Source "ChessBase"]
[SourceDate "2024.10.14"]
[SourceVersion "1"]
[SourceVersionDate "2024.10.14"]
[SourceQuality "1"]

1. e4 e6 2. d4 d5 3. e5 c5 4. Nf3 Nc6 5. Bd3 cxd4 6. 0-0 Nge7 7. Bf4 Ng6 8. Bg3 Qb6 9. Nbd2 Qxb2 10. h4 f6 11. Qe2 Be7 12. Nb3 0-0 13. Rab1 Qc3 14. Rfd1 Ngxe5 15. Nbxd4 Nxf3+ 16. Nxf3 e5 17. Rb3 Qa5 18. Rb5 Qxa2 19. Rxd5 Be6 20. Rb5 Rab8 21. Rdb1 Qa4 22. Rxb7 Rxb7 23. Rxb7 Bc5 24. c3 Rf7 25. Rxf7 Bxf7 26. Kh2 Ne7 27. Nxe5 fxe5 28. Qxe5 Qc6 29. Be4 Qb6 30. Qg5 h6 31. Qd2 Bg6 32. Bxg6 Qxg6 33. Qe2 Bd6 34. Qa2+ Kh7 35. Qxa7 Nf5 36. Bxd6 Qxd6+ 37. Kh3 Qf6 38. g3 Qxc3 39. Qa4 Qd3 40. Qf4 Nd6 41. h5 Qf5+ 42. Qxf5+ Nxf5 43. Kg4 Ne7 44. Kf4 Kg8 45. g4 Kf7 46. Ke4 Ke6 47. f4 Nd5 48. g5 Ne7 49. gxh6 gxh6 0-1

[Event "Paleochora op 16th"]
[Site "Paleochora"]
[Date "2023.07.19"]
[Round "1"]
[White "Kvaloy, Aksel Bu"]
[Black "Busson, Benoist"]
[Result "1-0"]
[WhiteElo "2415"]
[BlackElo "1871"]
[PlyCount "61"]
[EventDate "2023.07.19"]
[EventType "swiss"]
[EventRounds "9"]
[EventCountry "GRE"]
[SourceTitle "EXT 2024"]
[Source "ChessBase"]
[SourceDate "2023.10.10"]
[SourceVersion "1"]
[SourceVersionDate "2023.10.10"]
[SourceQuality "1"]

1. e4 e6 2. d4 d5 3. Nc3 dxe4 4. Nxe4 Nf6 5. Nxf6+ gxf6 6. Nf3 Nc6 7. c3 b6 8. Qa4 Qd7 9. Bf4 Bd6 10. Bb5 Bb7 11. Bxd6 a6 12. Be2 Qxd6 13. 0-0-0 b5 14. Qc2 0-0-0 15. Kb1 Rhg8 16. g3 f5 17. Rhe1 Ne7 18. Ne5 Rg7 19. c4 Ng6 20. c5 Qe7 21. c6 Ba8 22. Qc3 f6 23. Qa5 fxe5 24. Qxa6+ Kb8 25. Qxb5+ Kc8 26. Qa6+ Kb8 27. Rd3 Rxd4 28. Qb5+ Kc8 29. Rb3 Bxc6 30. Qxc6 Qd6 31. Qe8+ 1-0

[Event "Salon de Provence op 13th"]
[Site "Salon de Provence"]
[Date "2023.07.10"]
[Round "4.3"]
[White "Busson, Benoist"]
[Black "Kostenjuk, Kristina"]
[Result "0-1"]
[WhiteElo "1871"]
[BlackElo "1783"]
[PlyCount "68"]
[EventDate "2023.07.08"]
[EventType "swiss"]
[EventRounds "9"]
[EventCountry "FRA"]
[SourceTitle "EXT 2024"]
[Source "ChessBase"]
[SourceDate "2023.10.10"]
[SourceVersion "1"]
[SourceVersionDate "2023.10.10"]
[SourceQuality "1"]

1. e4 c5 2. a3 Nc6 3. b4 cxb4 4. axb4 d5 5. b5 Nb8 6. exd5 Qxd5 7. Nc3 Qe5+ 8. Be2 Nf6 9. Nf3 Qc7 10. 0-0 e6 11. Ba3 Bxa3 12. Rxa3 0-0 13. Ra4 b6 14. Rc4 Qe7 15. Re1 Bb7 16. Ne5 Qd6 17. Bf3 Bxf3 18. Qxf3 Nbd7 19. Qc6 Qxd2 20. Nf3 Qh6 21. Ne4 Nxe4 22. Rcxe4 Nc5 23. Rh4 Qg6 24. Ne5 Qxc2 25. Qf3 Rad8 26. h3 Nd3 27. Nxd3 Qxd3 28. Qb7 Rd7 29. Qc6 Rd5 30. Ra1 Qxb5 31. Qc2 g6 32. Rxa7 Rfd8 33. Qc7 R5d7 34. Qf4 Rxa7 0-1

[Event "Salon de Provence op 12th"]
[Site "Salon de Provence"]
[Date "2022.07.10"]
[Round "3"]
[White "Chaumet, Etienne"]
[Black "Busson, Benoist"]
[Result "1-0"]
[WhiteElo "1809"]
[BlackElo "1871"]
[PlyCount "95"]
[EventDate "2022.07.09"]
[EventType "swiss"]
[EventRounds "9"]
[EventCountry "FRA"]
[SourceTitle "CBM 209 Extra"]
[Source "ChessBase"]
[SourceDate "2022.09.30"]
[SourceVersion "1"]
[SourceVersionDate "2022.09.30"]
[SourceQuality "1"]

1. e4 e5 2. Nf3 Nc6 3. Bb5 a6 4. Ba4 d6 5. c3 f5 6. exf5 Bxf5 7. 0-0 Bd3 8. Re1 Nf6 9. Nd4 Kd7 10. Qb3 Kc8 11. Nxc6 bxc6 12. Bxc6 Rb8 13. Qe6+ Nd7 14. Re3 Bb5 15. Bd5 Qf6 16. Qe8+ Qd8 17. Qxd8+ Kxd8 18. b3 Nf6 19. Bf3 g6 20. c4 Bd7 21. Bb2 Bh6 22. Re1 c5 23. d3 Bf5 24. Nc3 Kd7 25. Rad1 Rhe8 26. h3 Bg7 27. Nd5 Nxd5 28. Bxd5 a5 29. Bc3 a4 30. g4 Be6 31. Bxe6+ Rxe6 32. bxa4 Bh6 33. Rb1 Ree8 34. f3 Bg5 35. a5 Rec8 36. a4 Ra8 37. Rb5 h5 38. gxh5 gxh5 39. Rb7+ Rc7 40. Reb1 Kc8 41. R7b6 Kd7 42. R1b2 Be3+ 43. Kf1 Bd4 44. Bxd4 cxd4 45. a6 h4 46. Rg2 Rca7 47. Rg6 Rxa6 48. Rgxd6+ 1-0

[Event "Bouches du Rhone-ch 1617"]
[Site "Vitrolles"]
[Date "2017.01.21"]
[Round "5"]
[White "Busson, Benoist"]
[Black "Anton, Jose"]
[Result "1-0"]
[WhiteElo "1999"]
[BlackElo "1839"]
[PlyCount "67"]
[EventDate "2016.10.01"]
[EventType "tourn"]
[EventRounds "9"]
[EventCountry "FRA"]
[SourceTitle "EXT 2024"]
[Source "ChessBase"]
[SourceDate "2023.10.10"]
[SourceVersion "1"]
[SourceVersionDate "2023.10.10"]
[SourceQuality "1"]

1. e4 c5 2. Nf3 Nc6 3. Bb5 d6 4. Bxc6+ bxc6 5. h3 e5 6. 0-0 f5 7. Qe2 Nf6 8. exf5 Be7 9. d3 Bxf5 10. Re1 0-0 11. Nc3 Qc7 12. Ng5 Nd5 13. Nxd5 cxd5 14. Qf3 Be6 15. Qh5 Bxg5 16. Bxg5 Rf5 17. g4 Rf7 18. Bh4 Raf8 19. Qg5 d4 20. Bg3 Qb7 21. Qd2 Bd5 22. Kh2 Qxb2 23. a4 Rb7 24. Qc1 Rfb8 25. f4 Qc3 26. fxe5 Rb2 27. Re2 Bb3 28. Be1 Rxc2 29. Bxc3 Rxe2+ 30. Kg3 dxc3 31. Qxc3 Bd5 32. Re1 Rb3 33. Qa5 Rxd3+ 34. Kh4 1-0

[Event "Bouches du Rhone-ch 1617"]
[Site "Vitrolles"]
[Date "2016.10.01"]
[Round "1"]
[White "Busson, Benoist"]
[Black "Girard, Jean Pierre"]
[Result "1-0"]
[WhiteElo "1992"]
[BlackElo "1801"]
[PlyCount "67"]
[EventDate "2016.10.01"]
[EventType "tourn"]
[EventRounds "9"]
[EventCountry "FRA"]
[SourceTitle "EXT 2024"]
[Source "ChessBase"]
[SourceDate "2023.10.10"]
[SourceVersion "1"]
[SourceVersionDate "2023.10.10"]
[SourceQuality "1"]

1. e4 c5 2. Nc3 Nc6 3. Bb5 g6 4. Bxc6 bxc6 5. f4 Bg7 6. Nf3 Ba6 7. d3 c4 8. d4 e6 9. 0-0 Ne7 10. Be3 0-0 11. Qe1 d5 12. e5 Nf5 13. Bf2 Rb8 14. Rb1 Qc7 15. Kh1 Rb7 16. Rg1 Rfb8 17. Nd1 Rb5 18. g4 Ne7 19. Bh4 c5 20. Bxe7 Qxe7 21. f5 cxd4 22. f6 Bxf6 23. exf6 Qxf6 24. Ne5 Qg7 25. Rf1 f6 26. Nc6 Re8 27. Nxd4 Rb6 28. Nc3 e5 29. Na4 Qd7 30. Nxb6 axb6 31. Rxf6 exd4 32. Qf2 d3 33. Rf1 d4 34. Rf8+ 1-0

[Event "Bouches-du-Rhone-ch 1516"]
[Site "Vitrolles"]
[Date "2016.01.16"]
[Round "6"]
[White "Busson, Benoist"]
[Black "Baroyan, Davit"]
[Result "1/2-1/2"]
[WhiteElo "1986"]
[BlackElo "1846"]
[PlyCount "78"]
[EventDate "2015.09.26"]
[EventType "tourn"]
[EventRounds "9"]
[EventCountry "FRA"]
[SourceTitle "EXT 2024"]
[Source "ChessBase"]
[SourceDate "2023.10.10"]
[SourceVersion "1"]
[SourceVersionDate "2023.10.10"]
[SourceQuality "1"]

1. e4 c5 2. b4 cxb4 3. a3 d5 4. exd5 Qxd5 5. Nf3 e5 6. c4 Qe6 7. Bb2 Nc6 8. d4 exd4+ 9. Be2 bxa3 10. Bxa3 Bxa3 11. Nxa3 Nge7 12. Nb5 Qd7 13. 0-0 0-0 14. Bd3 Ng6 15. Re1 b6 16. Ng5 h6 17. Bxg6 hxg5 18. Be4 Bb7 19. Qh5 g6 20. Qxg5 a6 21. Bd5 axb5 22. Qxg6+ Kh8 23. Qh6+ Kg8 24. Be4 f5 25. Bd5+ Rf7 26. Rxa8+ Bxa8 27. Ra1 Na5 28. Bxf7+ Qxf7 29. Qxb6 Qb7 30. Qg6+ Kh8 31. Rxa5 bxc4 32. h4 c3 33. Rxf5 Qxg2+ 34. Qxg2 Bxg2 35. Rc5 Bf3 36. Kf1 d3 37. Rxc3 d2 38. Rd3 d1Q+ 39. Rxd1 Bxd1 1/2-1/2

[Event "Bouches-du-Rhone-ch 1516"]
[Site "Vitrolles"]
[Date "2015.11.21"]
[Round "4"]
[White "Busson, Benoist"]
[Black "Parroco, Pierre Jean"]
[Result "1-0"]
[WhiteElo "1965"]
[BlackElo "1757"]
[PlyCount "35"]
[EventDate "2015.09.26"]
[EventType "tourn"]
[EventRounds "9"]
[EventCountry "FRA"]
[SourceTitle "EXT 2024"]
[Source "ChessBase"]
[SourceDate "2023.10.10"]
[SourceVersion "1"]
[SourceVersionDate "2023.10.10"]
[SourceQuality "1"]

1. e4 e5 2. f4 exf4 3. Bc4 c6 4. Nc3 d5 5. exd5 cxd5 6. Qe2+ Be7 7. Nxd5 Be6 8. Nxf4 Bxc4 9. Qxc4 Nf6 10. Nf3 0-0 11. 0-0 Nc6 12. c3 Rc8 13. Qb5 Rc7 14. d4 Bd6 15. Nh5 Nd5 16. Kh1 Nce7 17. c4 a6 18. Qb3 1-0

[Event "Salon de Provence op 6th"]
[Site "Salon de Provence"]
[Date "2015.07.04"]
[Round "9"]
[White "Busson, Benoist"]
[Black "Rihouey, Franck"]
[Result "1-0"]
[WhiteElo "1940"]
[BlackElo "1862"]
[PlyCount "141"]
[EventDate "2015.07.04"]
[EventType "swiss"]
[EventRounds "9"]
[EventCountry "FRA"]
[SourceTitle "EXT 2016"]
[Source "ChessBase"]
[SourceDate "2015.10.08"]
[SourceVersion "1"]
[SourceVersionDate "2015.10.08"]
[SourceQuality "1"]

1. e4 e6 2. Nf3 d5 3. e5 c5 4. b4 c4 5. c3 Ne7 6. h4 Qc7 7. h5 Nd7 8. d4 cxd3 9. Bf4 Qc4 10. Qd2 Qe4+ 11. Kd1 Qc4 12. Bxd3 Qc7 13. Na3 a6 14. Rc1 Nc6 15. Re1 b5 16. Nc2 Nb6 17. a3 Nc4 18. Bxc4 dxc4 19. Ncd4 Bb7 20. Kc2 Rd8 21. Qe3 Ne7 22. h6 Nd5 23. Qd2 Nxf4 24. Qxf4 gxh6 25. Qf6 Rg8 26. Nxe6 fxe6 27. Qxe6+ Qe7 28. Qxg8 Rd3 29. e6 Bxf3 30. gxf3 Rxf3 31. Re2 Qf6 32. Kb2 Ke7 33. Qf7+ Qxf7 34. exf7+ Kxf7 35. Rf1 Kf6 36. Re3 Rf5 37. Re8 Bg7 38. Re2 h5 39. Rfe1 h4 40. Re6+ Kf7 41. Rxa6 Rf3 42. Ra7+ Kf8 43. Ree7 Bxc3+ 44. Kc1 Bd4 45. Rab7 Rxf2 46. Kd1 c3 47. Rec7 Kg8 48. Rc8+ Rf8 49. Rxf8+ Kxf8 50. Rxh7 Bf6 51. Rh5 Ke7 52. Rxb5 Kd7 53. Kc2 Ke6 54. Rh5 Kf7 55. Rf5 Ke6 56. Rf3 Be5 57. Rh3 Bf6 58. Kd3 Kf5 59. b5 Kg4 60. Rh1 h3 61. b6 Kg3 62. b7 Be5 63. a4 Kg2 64. Rb1 Bb8 65. Kxc3 h2 66. a5 Ba7 67. a6 h1Q 68. Rxh1 Kxh1 69. Kc4 Kg2 70. Kd5 Kf3 71. Kc6 1-0

[Event "Salon de Provence op 6th"]
[Site "Salon de Provence"]
[Date "2015.07.04"]
[Round "6"]
[White "Faure, Alexandre"]
[Black "Busson, Benoist"]
[Result "1/2-1/2"]
[WhiteElo "2006"]
[BlackElo "1940"]
[PlyCount "26"]
[EventDate "2015.07.04"]
[EventType "swiss"]
[EventRounds "9"]
[EventCountry "FRA"]
[SourceTitle "EXT 2016"]
[Source "ChessBase"]
[SourceDate "2015.10.08"]
[SourceVersion "1"]
[SourceVersionDate "2015.10.08"]
[SourceQuality "1"]

1. e4 Nc6 2. Nf3 e6 3. d4 d5 4. e5 Nge7 5. c3 Nf5 6. Bd3 Nh4 7. 0-0 Nxf3+ 8. Qxf3 Bd7 9. Qh5 g6 10. Qg4 f5 11. exf6 Qxf6 12. Qf4 Qxf4 13. Bxf4 0-0-0 1/2-1/2

[Event "Bouches du Rhone-ch 1415"]
[Site "Vitrolles"]
[Date "2015.03.21"]
[Round "7"]
[White "Busson, Benoist"]
[Black "Charvein, Gabriel"]
[Result "1-0"]
[WhiteElo "1944"]
[BlackElo "1883"]
[PlyCount "75"]
[EventDate "2014.10.04"]
[EventType "tourn"]
[EventRounds "9"]
[EventCountry "FRA"]
[SourceTitle "EXT 2016"]
[Source "ChessBase"]
[SourceDate "2015.10.08"]
[SourceVersion "1"]
[SourceVersionDate "2015.10.08"]
[SourceQuality "1"]

1. e4 e5 2. d4 exd4 3. c3 d5 4. exd5 Qxd5 5. cxd4 Nc6 6. Be3 Bb4+ 7. Nc3 Qa5 8. Nge2 Nf6 9. a3 Bxc3+ 10. Nxc3 Bg4 11. f3 Be6 12. b4 Qh5 13. g4 Bxg4 14. fxg4 Nxg4 15. Qe2 0-0 16. 0-0-0 Rfe8 17. Rd3 Nxd4 18. Rxd4 Rxe3 19. Qxg4 Qxg4 20. Rxg4 Rxc3+ 21. Kb2 Re3 22. Bc4 Rd8 23. Rhg1 g6 24. R1g2 Kg7 25. Rf4 f6 26. a4 Rd6 27. Rg3 Rxg3 28. hxg3 f5 29. g4 Kf6 30. gxf5 gxf5 31. Rh4 Kg6 32. Kc3 h6 33. Rd4 Rxd4 34. Kxd4 Kf6 35. Be2 c6 36. Bf3 Ke6 37. a5 Kd6 38. a6 1-0

[Event "Salon de Provence op 5th"]
[Site "Salon de Provence"]
[Date "2014.07.13"]
[Round "9"]
[White "Massardo, Quentin"]
[Black "Busson, Benoist"]
[Result "1/2-1/2"]
[WhiteElo "1829"]
[BlackElo "1977"]
[PlyCount "59"]
[EventDate "2014.07.05"]
[EventType "swiss"]
[EventRounds "9"]
[EventCountry "FRA"]
[SourceTitle "EXT 2015"]
[Source "ChessBase"]
[SourceDate "2014.11.20"]
[SourceVersion "1"]
[SourceVersionDate "2014.11.20"]
[SourceQuality "1"]

1. d4 Nf6 2. c4 e5 3. Nf3 exd4 4. Nxd4 d5 5. cxd5 Bb4+ 6. Bd2 Bxd2+ 7. Qxd2 0-0 8. Nb5 a6 9. N5c3 b5 10. a3 Bb7 11. g3 Nxd5 12. Bg2 Nxc3 13. Bxb7 Ra7 14. Qxd8 Rxd8 15. Nxc3 Rxb7 16. 0-0 c5 17. b3 Nc6 18. Ne4 Rd5 19. Rac1 Nd4 20. Rxc5 Rbd7 21. b4 Nxe2+ 22. Kg2 f5 23. Rxd5 Rxd5 24. Nc5 a5 25. Ne6 axb4 26. axb4 Kf7 27. Nc7 Re5 28. f4 Re4 29. Rb1 Nd4 30. Rb2 1/2-1/2

[Event "Salon de Provence op 5th"]
[Site "Salon de Provence"]
[Date "2014.07.05"]
[Round "1"]
[White "Morris, Keith"]
[Black "Busson, Benoist"]
[Result "0-1"]
[WhiteElo "1709"]
[BlackElo "1977"]
[PlyCount "68"]
[EventDate "2014.07.05"]
[EventType "swiss"]
[EventRounds "9"]
[EventCountry "FRA"]
[SourceTitle "EXT 2015"]
[Source "ChessBase"]
[SourceDate "2014.11.20"]
[SourceVersion "1"]
[SourceVersionDate "2014.11.20"]
[SourceQuality "1"]

1. c4 e5 2. Nc3 Nc6 3. e3 g6 4. d4 Bg7 5. d5 Nce7 6. Nf3 Nf6 7. Nxe5 Nfxd5 8. cxd5 Bxe5 9. Be2 0-0 10. 0-0 f5 11. Bc4 d6 12. f4 Bg7 13. Bd2 a6 14. a4 Kh8 15. Qc2 Ng8 16. Ne2 Re8 17. Rf3 Nf6 18. Bc3 Ng4 19. Bxg7+ Kxg7 20. Qc3+ Qf6 21. Qxf6+ Kxf6 22. Ra3 Kf7 23. h3 Nf6 24. Nd4 Ne4 25. Ba2 Bd7 26. Ne6 Bxe6 27. dxe6+ Kf6 28. g4 c6 29. gxf5 gxf5 30. b4 Rg8+ 31. Kh2 Rg7 32. h4 d5 33. b5 axb5 34. a5 b4 0-1

[Event "Bouches du Rhone-ch 1314"]
[Site "Vitrolles"]
[Date "2013.12.21"]
[Round "4"]
[White "Faure, Alexandre"]
[Black "Busson, Benoist"]
[Result "0-1"]
[WhiteElo "1884"]
[BlackElo "1924"]
[PlyCount "62"]
[EventDate "2013.10.05"]
[EventType "tourn"]
[EventRounds "7"]
[EventCountry "FRA"]
[SourceTitle "EXT 2015"]
[Source "ChessBase"]
[SourceDate "2014.11.20"]
[SourceVersion "1"]
[SourceVersionDate "2014.11.20"]
[SourceQuality "1"]

1. e4 d5 2. exd5 Nf6 3. c4 e6 4. dxe6 Bxe6 5. Nf3 c5 6. Be2 Nc6 7. 0-0 Bd6 8. Na3 Qd7 9. Nc2 0-0-0 10. a3 Ne5 11. Ne3 Nxf3+ 12. Bxf3 g5 13. Kh1 g4 14. Be2 Be5 15. Rb1 h5 16. b4 Ne4 17. Qc2 f5 18. f4 Bd4 19. Rb3 h4 20. Kg1 h3 21. g3 Nxg3 22. hxg3 Bxe3+ 23. dxe3 h2+ 24. Kh1 Qc6+ 25. e4 b5 26. Re3 cxb4 27. axb4 bxc4 28. Rf2 Bd5 29. exd5 Qxd5+ 30. Rg2 Qxg2+ 31. Kxg2 h1Q+ 0-1

[Event "Provence-ch 1213"]
[Site "Provence"]
[Date "2013.07.11"]
[Round "8"]
[White "Faure, Alexandre"]
[Black "Busson, Benoist"]
[Result "1-0"]
[WhiteElo "1872"]
[BlackElo "1972"]
[PlyCount "49"]
[EventDate "2013.07.06"]
[EventType "swiss"]
[EventRounds "9"]
[EventCountry "FRA"]
[SourceTitle "EXT 2015"]
[Source "ChessBase"]
[SourceDate "2014.11.20"]
[SourceVersion "1"]
[SourceVersionDate "2014.11.20"]
[SourceQuality "1"]

1. e4 Nc6 2. Nf3 e5 3. d4 exd4 4. Nxd4 Bc5 5. Be3 Qf6 6. Nb5 Bxe3 7. fxe3 Qh4+ 8. g3 Qxe4 9. Nxc7+ Kd8 10. Nxa8 Qxh1 11. Qg4 Nge7 12. Nc3 Ne5 13. Qxg7 Nf3+ 14. Kf2 Rg8 15. Qxf7 Qxh2+ 16. Kxf3 Rxg3+ 17. Ke4 Qxc2+ 18. Kd4 Qd2+ 19. Kc4 d5+ 20. Kb3 Bf5 21. Qf8+ Kd7 22. Bb5+ Ke6 23. Nc7+ Kd6 24. Qd8+ Kc5 25. Na4# 1-0

[Event "Vitrolles-ch 13th"]
[Site "Vitrolles"]
[Date "2012.12.08"]
[Round "6"]
[White "Dudognon, Thibault"]
[Black "Busson, Benoist"]
[Result "1/2-1/2"]
[WhiteElo "1906"]
[BlackElo "1943"]
[PlyCount "109"]
[EventDate "2012.03.09"]
[EventType "swiss"]
[EventRounds "9"]
[EventCountry "FRA"]
[SourceTitle "EXT 2014"]
[Source "ChessBase"]
[SourceDate "2013.11.20"]
[SourceVersion "1"]
[SourceVersionDate "2013.11.20"]
[SourceQuality "1"]

1. e4 e5 2. Nf3 Nc6 3. Bb5 Nd4 4. Nxd4 exd4 5. 0-0 Bc5 6. d3 c6 7. Ba4 Qh4 8. Nd2 Nf6 9. Nf3 Qh5 10. e5 Nd5 11. Bb3 Nc7 12. Ng5 Qxd1 13. Bxf7+ Kf8 14. Rxd1 h6 15. Ne4 Kxf7 16. Nxc5 b6 17. Ne4 Ke6 18. Bf4 Ba6 19. a3 Nd5 20. Bg3 Rhf8 21. Re1 c5 22. Nd6 Rab8 23. Re4 Ne7 24. b4 Nf5 25. b5 Bb7 26. Rf4 Nxd6 27. Rxf8 Rxf8 28. exd6 Kf7 29. a4 Bd5 30. a5 Ra8 31. f3 g6 32. Bf4 g5 33. Bg3 h5 34. h3 a6 35. axb6 axb5 36. Rxa8 Bxa8 37. Kf2 Ke6 38. Ke2 c4 39. Bf2 Kd5 40. g3 Bb7 41. f4 g4 42. hxg4 hxg4 43. f5 Ke5 44. Bxd4+ Kxf5 45. Ke3 Bd5 46. Bc5 Ke5 47. d4+ Kf5 48. Bb4 Bb7 49. Bc3 Bd5 50. Ba5 Bb7 51. Bb4 Bd5 52. Bc3 Bb7 53. Bd2 Bd5 54. Ke2 Ke4 55. c3 1/2-1/2

[Event "Vitrolles-ch 13th"]
[Site "Vitrolles"]
[Date "2012.11.10"]
[Round "3"]
[White "Busson, Benoist"]
[Black "Anton, Jose"]
[Result "1-0"]
[WhiteElo "1943"]
[BlackElo "1890"]
[PlyCount "29"]
[EventDate "2012.03.09"]
[EventType "swiss"]
[EventRounds "9"]
[EventCountry "FRA"]
[SourceTitle "EXT 2014"]
[Source "ChessBase"]
[SourceDate "2013.11.20"]
[SourceVersion "1"]
[SourceVersionDate "2013.11.20"]
[SourceQuality "1"]

1. e4 c5 2. b4 cxb4 3. a3 d5 4. exd5 Qxd5 5. Nf3 e5 6. Bb2 Nc6 7. c4 Qe4+ 8. Be2 Nf6 9. 0-0 Bd6 10. d4 exd4 11. Nxd4 Nxd4 12. Bxd4 Qe7 13. c5 Bxc5 14. Bb5+ Kf8 15. Bxc5 1-0

[Event "Avignon-B 4th"]
[Site "Avignon"]
[Date "2012.11.08"]
[Round "6"]
[White "Busson, Benoist"]
[Black "Colandrea, Sauveur"]
[Result "1-0"]
[WhiteElo "1943"]
[BlackElo "1839"]
[PlyCount "57"]
[EventDate "2012.11.04"]
[EventType "tourn"]
[EventRounds "7"]
[EventCountry "FRA"]
[SourceTitle "EXT 2014"]
[Source "ChessBase"]
[SourceDate "2013.11.20"]
[SourceVersion "1"]
[SourceVersionDate "2013.11.20"]
[SourceQuality "1"]

1. e4 Nf6 2. Nc3 d5 3. e5 Ne4 4. Nce2 Bf5 5. Nd4 Bg6 6. d3 c5 7. Nb3 c4 8. dxc4 e6 9. Nf3 Nc6 10. cxd5 exd5 11. c3 Be7 12. Be2 0-0 13. 0-0 Qc7 14. Qxd5 a6 15. Nbd4 Na5 16. Nb3 Nc6 17. Nbd4 Na5 18. Bf4 Rad8 19. e6 Qb6 20. exf7+ Rxf7 21. Qe6 Qxe6 22. Nxe6 Re8 23. Be3 Ba3 24. Neg5 Nxg5 25. Nxg5 Bxb2 26. Nxf7 Bxa1 27. Nd6 Rd8 28. Nc4 Nc6 29. Rxa1 1-0

[Event "Avignon-B 4th"]
[Site "Avignon"]
[Date "2012.11.07"]
[Round "5"]
[White "Fondain, Georges"]
[Black "Busson, Benoist"]
[Result "0-1"]
[WhiteElo "1899"]
[BlackElo "1943"]
[PlyCount "56"]
[EventDate "2012.11.04"]
[EventType "tourn"]
[EventRounds "7"]
[EventCountry "FRA"]
[SourceTitle "EXT 2014"]
[Source "ChessBase"]
[SourceDate "2013.11.20"]
[SourceVersion "1"]
[SourceVersionDate "2013.11.20"]
[SourceQuality "1"]

1. e4 e5 2. Nf3 Nc6 3. Bb5 f5 4. d4 fxe4 5. Bxc6 bxc6 6. Nxe5 Nf6 7. 0-0 Bb7 8. Bg5 d6 9. Ng4 Be7 10. Re1 0-0 11. Nc3 d5 12. Ne5 Nd7 13. Bxe7 Qxe7 14. Nxd7 Qxd7 15. Na4 Qf5 16. Qe2 Rad8 17. Nc5 Bc8 18. a4 Rd6 19. Ra3 Qf6 20. Qd2 Qh4 21. Qe2 Rg6 22. Qd2 Rh6 23. h3 Rhf6 24. Re2 Rf3 25. gxf3 exf3 26. Re5 Rf4 27. Qe3 Bxh3 28. Rh5 Qg4+ 0-1

[Event "Vitrolles-ch 13th"]
[Site "Vitrolles"]
[Date "2012.10.20"]
[Round "2"]
[White "Arslan, Paul Peter"]
[Black "Busson, Benoist"]
[Result "0-1"]
[WhiteElo "1880"]
[BlackElo "1943"]
[PlyCount "36"]
[EventDate "2012.03.09"]
[EventType "swiss"]
[EventRounds "9"]
[EventCountry "FRA"]
[SourceTitle "EXT 2014"]
[Source "ChessBase"]
[SourceDate "2013.11.20"]
[SourceVersion "1"]
[SourceVersionDate "2013.11.20"]
[SourceQuality "1"]

1. c4 e5 2. Nc3 Nc6 3. g3 f5 4. d3 Nf6 5. Bg2 Bc5 6. e3 f4 7. exf4 d6 8. Nge2 0-0 9. 0-0 Qe8 10. Bd2 Qh5 11. Nc1 Bg4 12. Qa4 Nd4 13. h4 Nf3+ 14. Bxf3 Bxf3 15. Ne4 Nxe4 16. dxe4 Bxe4 17. Qd7 Bf5 18. Qxc7 Qf3 0-1

[Event "Marseille op 4th"]
[Site "Marseille"]
[Date "2011.12.28"]
[Round "5"]
[White "Aksenov, Nikolay"]
[Black "Busson, Benoist"]
[Result "0-1"]
[WhiteElo "1499"]
[BlackElo "2016"]
[PlyCount "60"]
[EventDate "2011.12.26"]
[EventType "swiss"]
[EventRounds "9"]
[EventCountry "FRA"]
[SourceTitle "CBM 146 Extra"]
[Source "ChessBase"]
[SourceDate "2012.02.29"]
[SourceVersion "1"]
[SourceVersionDate "2012.02.29"]
[SourceQuality "1"]

1. d4 d5 2. c4 e6 3. Nc3 c5 4. cxd5 cxd4 5. Qxd4 Nc6 6. Qd1 exd5 7. Qxd5 Bd7 8. a3 Nf6 9. Qd1 Bc5 10. e3 Qe7 11. Bb5 0-0-0 12. Bd2 Ne5 13. Be2 Bc6 14. Nf3 g5 15. 0-0 Nxf3+ 16. Bxf3 Bxf3 17. gxf3 Kb8 18. Qe2 Qd7 19. Rfd1 Qh3 20. Ne4 Nxe4 21. fxe4 Bd6 22. f3 g4 23. f4 Bc5 24. Re1 g3 25. Bc3 gxh2+ 26. Kh1 Rhg8 27. Be5+ Ka8 28. Bd4 Rg1+ 29. Rxg1 hxg1Q+ 30. Kxg1 Rg8+ 0-1